<?xml version="1.0" encoding="UTF-8"?>
<record
    xmlns:xsi="http://www.w3.org/2001/XMLSchema-instance"
    xsi:schemaLocation="http://www.loc.gov/MARC21/slim http://www.loc.gov/standards/marcxml/schema/MARC21slim.xsd"
    xmlns="http://www.loc.gov/MARC21/slim">

  <leader>02882    a2200301   4500</leader>
  <controlfield tag="001">47196</controlfield>
  <controlfield tag="005">20260407155740.0</controlfield>
  <controlfield tag="008">260407a1995    arg                 spa d</controlfield>
  <controlfield tag="003">AR-UNSa-BCEJYS</controlfield>
  <datafield tag="040" ind1=" " ind2=" ">
    <subfield code="a">AR-UNSa-BCEJYS</subfield>
    <subfield code="b">spa</subfield>
    <subfield code="c">AR-UNSa-BCEJYS</subfield>
  </datafield>
  <datafield tag="080" ind1=" " ind2=" ">
    <subfield code="a">339.9</subfield>
    <subfield code="x">Econom&#xED;a internacional en general. Relaciones econ&#xF3;micas internacionales. Econom&#xED;a mundial </subfield>
  </datafield>
  <datafield tag="245" ind1="1" ind2="0">
    <subfield code="a">Econom&#xED;a Mundial</subfield>
  </datafield>
  <datafield tag="020" ind1=" " ind2=" ">
    <subfield code="a">84-481-1684-4</subfield>
  </datafield>
  <datafield tag="264" ind1=" " ind2="1">
    <subfield code="a">Madrid :</subfield>
    <subfield code="b">McGraw-Hill</subfield>
    <subfield code="c">1995</subfield>
  </datafield>
  <datafield tag="300" ind1=" " ind2=" ">
    <subfield code="a">480 p.</subfield>
    <subfield code="c">25 cm.</subfield>
  </datafield>
  <datafield tag="505" ind1=" " ind2=" ">
    <subfield code="a">Primera Parte : METODOLOGIA Y CONCEPTOS : 1. La sociedad y las ciencias sociales : m&#xE9;todo y especializaci&#xF3;n - 2. El m&#xE9;todo econ&#xF3;mico-estructural - 3. Las estructuras eocioecon&#xF3;micas  -- Segunda Parte : EL DESARROLLO CAPITALISTA : 4. La estructura econ&#xF3;mica capitalista - 5. La din&#xE1;mica estructural capitalista (I) : Leyes - 6. La din&#xE1;mica estructural capitalista (II) : Los efectos - 7. La formaci&#xF3;n del sistema capitalista mundial  -- Tercera Parte : LA INFRAESTRUCTURA DEL SISTEMA MUNDIAL : LOS RECURSOS MUNDIALES : 8. El an&#xE1;lisis emp&#xED;rico del Sistema Centro/Periferia - 9. El proceso de reproducci&#xF3;n de la poblaci&#xF3;n mundial - 10. La relaci&#xF3;n econom&#xED;a-poblaci&#xF3;n - 11. Los recursos naturales - 12. La base energ&#xE9;tica del Sistema - 13. Agricultura y alimentaci&#xF3;n mundiales - 14. El proceso de industrializaci&#xF3;n capitalista - 15. La industria mundial - 16. La terciarizaci&#xF3;n de la econom&#xED;a mundial - 17. La crisis en la infraestructura sist&#xE9;mica  -- Cuarta Parte : LA ESTRUCTURA DEL SISTEMA CAPITALISTA MUNDIAL : LAS RELACIONES CENTRO-PERIFERIA : 18. El desarrollo capitalista en el Centro del Sistema - 19. La mundializaci&#xF3;n capitalista desde el Centro del Sistema - 20. La integraci&#xF3;n econ&#xF3;mica - 21. El desarrollo capitalista en la Periferia del Sistema - 22. Capitalismo perif&#xE9;rico y alternativas de desarrollo - 23. La estructura econ&#xF3;mica mundial (I) : El comercio Centro-Periferia - 24. La estructura econ&#xF3;mica mundial (II) : Los flujos financieros Centro/Periferia - 25. La estructura econ&#xF3;mica mundial (III) : Cooperaci&#xF3;n y ayuda al desarrollo - 26. La crisis de la econom&#xED;a mundial  -- Quinta Parte : LA SUPERESTRUCTURA DEL SISTEMA MUNDIAL : LOS ORGANISMOS ECONOMICOS MUNDIALES : 27. La regulaci&#xF3;n del comercio internacional - 28. Las instituciones de integraci&#xF3;n econ&#xF3;mica - 29. La regulaci&#xF3;n del sistema financiero internacional. </subfield>
  </datafield>
  <datafield tag="942" ind1=" " ind2=" ">
    <subfield code="c">BK</subfield>
  </datafield>
  <datafield tag="590" ind1=" " ind2=" ">
    <subfield code="a">niveau_biblio:m niveau_hierar:0</subfield>
  </datafield>
  <datafield tag="100" ind1="1" ind2=" ">
    <subfield code="a">Casares Vidal, Dolors</subfield>
  </datafield>
  <datafield tag="700" ind1="1" ind2=" ">
    <subfield code="a">Martinez Peinado, Javier</subfield>
  </datafield>
  <datafield tag="700" ind1="1" ind2=" ">
    <subfield code="a">Vidal Villa, Jos&#xE9; Mar&#xED;a</subfield>
  </datafield>
  <datafield tag="700" ind1="1" ind2=" ">
    <subfield code="a">Art&#xE9;s, Ram&#xF3;n Franquesa</subfield>
  </datafield>
  <datafield tag="700" ind1="1" ind2=" ">
    <subfield code="a">Maestro Yarza, Irene</subfield>
  </datafield>
  <datafield tag="700" ind1="1" ind2=" ">
    <subfield code="a">S&#xE1;nchez Tabar&#xE9;s, Ram&#xF3;n</subfield>
  </datafield>
  <datafield tag="700" ind1="1" ind2=" ">
    <subfield code="a">Talavera D&#xE9;niz, Pedro</subfield>
  </datafield>
  <datafield tag="700" ind1="1" ind2=" ">
    <subfield code="a">Vilaseca i Requena, Jordi</subfield>
  </datafield>
  <datafield tag="856" ind1="4" ind2="1">
    <subfield code="u">https://www.biblioeco.unsa.edu.ar/pmb/images/libros/L127427.jpg</subfield>
    <subfield code="y">Imagen de portada</subfield>
    <subfield code="q">image/jpeg</subfield>
  </datafield>
  <datafield tag="999" ind1=" " ind2=" ">
    <subfield code="c">4315</subfield>
    <subfield code="d">4315</subfield>
  </datafield>
  <datafield tag="952" ind1=" " ind2=" ">
    <subfield code="0">0</subfield>
    <subfield code="1">0</subfield>
    <subfield code="4">0</subfield>
    <subfield code="7">0</subfield>
    <subfield code="a">BCEJYS</subfield>
    <subfield code="b">BCEJYS</subfield>
    <subfield code="c">16</subfield>
    <subfield code="d">2026-04-07</subfield>
    <subfield code="l">0</subfield>
    <subfield code="o">339.9 V648</subfield>
    <subfield code="p">L127427</subfield>
    <subfield code="r">2026-04-07 15:57:40</subfield>
    <subfield code="w">2026-04-07</subfield>
    <subfield code="y">L</subfield>
  </datafield>
</record>
